Boundary value problems for transport equations (Record no. 136162)

MARC details
000 -LEADER
fixed length control field 00377nam a2200145Ia 4500
008 - FIXED-LENGTH DATA ELEMENTS--GENERAL INFORMATION
fixed length control field 230917s9999||||xx |||||||||||||| ||und||
040 ## - CATALOGING SOURCE
-- 110957
Original cataloging agency VIVEKANANDA LIBRARY
041 ## - Language
-- English
082 ## - DDC NUMBER
Classification number 515.35 A75B
100 ## - MAIN ENTRY--PERSONAL NAME
Personal name Agoshkov, Valeri
245 #0 - TITLE STATEMENT
Title Boundary value problems for transport equations
260 ## - PUBLICATION, DISTRIBUTION, ETC. (IMPRINT)
Place of publication, distribution, etc Boston
Name of publisher, distributor, etc Birkhauser
Date of publication, distribution, etc 1998
300 ## - PHYSICAL DESCRIPTION
Pages xvii, 278 p.
942 ## - ADDED ENTRY ELEMENTS (KOHA)
Koha item type Books
Holdings
Withdrawn status Lost status Damaged status Not for loan Location (home branch) Sublocation or collection (holding branch) Date acquired Koha issues (times borrowed) Koha full call number Accession No. Koha date last seen Koha item type
        VIVEKANANDA LIBRARY VIVEKANANDA LIBRARY 01/09/2006   515.35 A75B 236841 17/09/2023 Books
        VIVEKANANDA LIBRARY VIVEKANANDA LIBRARY 01/09/2006   515.35 A75B 240041 17/09/2023 Books
© Designed and Maintained by Vivekananda Library, MDU Rohtak